Statistics for Famous People Who Died of a Drug Overdose

Click here to take the quiz!

General Stats

  • This quiz has been taken 70 times
    (48 since last reset)
  • The average score is 7 of 43

Answer Stats

Answer% Correct
Michael Jackson
67%
Amy Winehouse
65%
Marilyn Monroe
63%
Elvis Presley
53%
Jimi Hendrix
51%
Jim Morrison
51%
Heath Ledger
44%
Whitney Houston
44%
Janis Joplin
40%
Prince
26%
Mac Miller
23%
River Phoenix
23%
John Belushi
21%
Judy Garland
19%
Philip Seymour Hoffman
19%
Chris Farley
16%
Anna Nicole Smith
12%
Cory Monteith
9%
Anissa Jones
7%
Keith Moon
7%
Layne Staley
7%
Peaches Geldof
7%
Brian Cole
2%
Frida Kahlo
2%
Ike Turner
2%
James Honeyman Scott
2%
Rudy Lewis
2%
Scott Weiland
2%
Verne Troyer
2%
Big Moe
0%
Brian Epstein
0%
Dee Dee Ramone
0%
Dinah Washington
0%
Frankie Lymon
0%
Howie Epstein
0%
Jackson Pollock
0%
Jeanine Deckers
0%
Mark Rothko
0%
Paul Butterfield
0%
Phil Lynott
0%
Robbie McIntosh
0%
The Rev
0%
Tommy Dorsey
0%

Score Distribution

Percentile by Number Answered

Percent of People with Each Score

Your Score History

You have not taken this quiz since the last reset